| 000 | 00552nam a2200181Ia 4500 | ||
|---|---|---|---|
| 008 | 090124s9999 xx 000 0 und d | ||
| 082 | _b126991 | ||
| 100 | _aखोत चंद्रकांत | ||
| 245 | _a दोन डोळे शेजारी | ||
| 250 | _a1 | ||
| 260 | _c1996 | ||
| 300 | _a480 | ||
| 600 | _aखोत चंद्रकांत | ||
| 630 | _a दोन डोळे शेजारी | ||
| 700 | _aखोत चंद्रकांत | ||
| 730 | _a दोन डोळे शेजारी | ||
| 942 | _cBOOK | ||
| 999 |
_c173080 _d173080 |
||